RÁDIOCHEMICKÉ METÓDY STANOVENIA 90Sr VO VZORKÁCH ŽIVOTNÉHO PROSTREDIA

Podrobná bibliografia
Hlavný autor: Ščasnár, V. (Autor)
Médium: Článok
Jazyk:slovenčina

MARC

LEADER 00000nab a2200000uu 4500
001 vtls010913094
003 SK-MaSNL
005 20260303150500.0
008 230222|1982 xo |||||||||||||||||slo|
015 |a SNBRB 
035 |a (urnnbn)urn:nbn:sk:snk:ar-a096i3 
035 |a (uuid)b27d1319-70bb-4a90-8f75-5e0945e6a9e4 
035 |a urn:nbn:sk:snk-ab91x5 
040 |a SNKBUCL  |b slo  |c SNKBUCL  |e AACR2 
041 0 |a slo 
044 |a xo  |c SK 
100 1 |a Ščasnár, V.  |4 aut  |9 1169451 
245 1 0 |a RÁDIOCHEMICKÉ METÓDY STANOVENIA 90Sr VO VZORKÁCH ŽIVOTNÉHO PROSTREDIA  |c V. Ščasnár 
773 0 |t Rádioaktivita a životné prostredie  |g Roč. 5, č. 6 (1982), s. 403-418 
954 |a odborná, vedecká literatúra pôvodná (slovenská)  |2 lita 
958 |a OND 
958 |a EUIPO 
958 |a article10 
999 |c 2011024  |d 2012954